Online
Catalog

El arte egipcio : (Record no. 30223)

MARC details
000 -CABECERA
campo de control de longitud fija 00546nam a2200181 a 4500
001 - NÚMERO DE CONTROL
campo de control 000030731
005 - FECHA Y HORA DE LA ÚLTIMA TRANSACCIÓN
campo de control 20200930062457.0
008 - DATOS DE LONGITUD FIJA--INFORMACIÓN GENERAL
campo de control de longitud fija 110526s1965 ag a 000 0 spa d
040 ## - FUENTE DE LA CATALOGACIÓN
Centro catalogador/agencia de origen DO-SdBNP
Lengua de catalogación spa
Centro/agencia transcriptor BNPHU
082 ## - NÚMERO DE LA CLASIFICACIÓN DECIMAL DEWEY
Número de clasificación xxxx
Número de documento/Ítem W929a
049 ## - FONDOS LOCALES (OCLC)
Fondos de biblioteca BNPD
100 1# - ENTRADA PRINCIPAL--NOMBRE DE PERSONA
Nombre de persona Worringer, Wilhelm
9 (RLIN) 57308
245 13 - MENCIÓN DE TÍTULO
Título El arte egipcio :
Resto del título problemas de su valoración /
Mención de responsabilidad, etc. Wilhelm Worringer.
260 ## - PUBLICACIÓN, DISTRIBUCIÓN, ETC.
Lugar de publicación, distribución, etc. Buenos Aires, :
Nombre del editor, distribuidor, etc. Nueva visión,
Fecha de publicación, distribución, etc. 1965.
300 ## - DESCRIPCIÓN FÍSICA
Extensión 125 p. :
Otras características físicas il. ;
Dimensiones 16 cm.
490 1# - MENCIÓN DE SERIE
Mención de serie Ensayos nueva serie
830 #0 - PUNTO DE ACCESO ADICIONAL DE SERIE-TÍTULO UNIFORME
Título uniforme Ensayos nueva serie
9 (RLIN) 57309
Holdings
Estado de retiro Estado de pérdida Restricciones de uso No para préstamo Código de colección Localización permanente Ubicación/localización actual Ubicación en estantería Fecha de adquisición Número de inventario Total de préstamos Signatura topográfica completa Código de barras Fecha visto por última vez Precio válido a partir de Tipo de ítem Koha Nota pública
      Excluido de préstamo Raros y valiosos Patrimonio Dominicano Patrimonio Dominicano En catalogación 26.05.2011 LF1   xxxx W929a 30731-10 25.06.2020 25.06.2020 No se presta Perteneció a la biblioteca personal de Carlos Larrazábal Blanco.

Powered by Koha